000 00774nam a22002417a 4500
001 3402
003 FISKH
005 20240304151928.0
008 240301b cb ||||| |||| 00| 0 eng d
040 _aFISK
_beng
_cFISK
_dFISK
050 _aPZ7.H6524
082 _a813.54
100 _aHobbs Will :
_d1947-
245 _aThe big wander /
_cWill Hobbs
260 _aNew York :
_bWill Hobbs,
_c2004
300 _a181 pages :
_c20 cm
505 _aM
520 _aAs he searches for his uncle through the rugged Southwest canyon country, fourteen-year-old Clay becomes involved with a group of Navajo Indians who are trying to save some of the last wild mustangs.
521 8 _a800
_bLexile
700 _aWill Hobbs
942 _2ddc
_cBK
_n0
999 _c3402
_d3402